[Event "Armenia Quindio op"]
[Site "Armenia"]
[Date "2024.04.06"]
[Round "1"]
[White "Velasquez, Andres Felipe"]
[Black "Cuellar Sanchez, Matias"]
[Result "1-0"]
[WhiteElo "1972"]
[BlackElo "1594"]
[PlyCount "61"]
[EventDate "2024.04.06"]
[EventType "swiss"]
[EventRounds "6"]
[EventCountry "COL"]
[SourceTitle "CB16_2024"]
[SourceDate "2024.04.17"]
[SourceVersion "1"]
[SourceVersionDate "2024.04.17"]
[SourceQuality "1"]

1. e4 c5 2. Nf3 Nc6 3. d4 cxd4 4. Nxd4 e5 5. Nb5 a6 6. Nd6+ Bxd6 7. Qxd6 Qf6 8. Qd1 Qg6 9. Nc3 d5 10. Nxd5 Qxe4+ 11. Be3 Nd4 12. Nc7+ Ke7 13. Rc1 Bg4 14. Qd3 Qxd3 15. Bxd3 Rd8 16. h3 Bh5 17. f4 exf4 18. Bxf4 Bg6 19. 0-0 Bxd3 20. Rce1+ Ne6 21. Nxe6 fxe6 22. cxd3 Rxd3 23. Rc1 Nf6 24. Be5 Rhd8 25. Kh2 R3d5 26. Bc3 e5 27. Rce1 Ke6 28. Re2 Rf8 29. Rf3 Nd7 30. Rg3 g6 31. Rg4 1-0

[Event "Manizales Feria op 29th"]
[Site "Manizales"]
[Date "2024.01.06"]
[Round "2"]
[White "Pacheco, Juan Diego"]
[Black "Velasquez, Andres Felipe"]
[Result "0-1"]
[WhiteElo "1746"]
[BlackElo "1959"]
[PlyCount "98"]
[EventDate "2024.01.05"]
[EventType "swiss"]
[EventRounds "7"]
[EventCountry "COL"]
[SourceTitle "CB02_2024"]
[SourceDate "2024.01.10"]
[SourceVersion "1"]
[SourceVersionDate "2024.01.10"]
[SourceQuality "1"]

1. c4 g6 2. Nc3 Bg7 3. g3 d6 4. Bg2 Nc6 5. e4 Nf6 6. Nge2 0-0 7. 0-0 e5 8. d3 Nd7 9. Be3 Nc5 10. f4 f5 11. exf5 Bxf5 12. d4 exd4 13. Nxd4 Nxd4 14. Bxd4 Bd3 15. Bxg7 Kxg7 16. Re1 Qf6 17. Nd5 Qd4+ 18. Kh1 c6 19. Nc7 Rac8 20. Ne6+ Nxe6 21. Rxe6 Rce8 22. Qe1 Rxe6 23. Qxe6 Bxc4 24. Qe7+ Rf7 25. Qd8 Bd5 26. Re1 Qd2 27. Rg1 Bxg2+ 28. Rxg2 Qc1+ 29. Rg1 Qxb2 30. Qxd6 Qf6 31. Qd2 c5 32. h4 Qd4 33. Qe2 Rd7 34. Rc1 Qd5+ 35. Kg1 b6 36. Rc2 Qd1+ 37. Kf2 Qxe2+ 38. Rxe2 h5 39. a4 Kf6 40. Re8 Rc7 41. Re2 c4 42. Rc2 a6 43. Ke3 b5 44. axb5 axb5 45. Kd4 c3 46. Kd3 b4 47. Re2 c2 48. Rxc2 Rxc2 49. Kxc2 Kf5 0-1

[Event "Manizales Feria op 29th"]
[Site "Manizales"]
[Date "2024.01.06"]
[Round "3"]
[White "Velasquez, Andres Felipe"]
[Black "Bermudez, Edilson Enrique"]
[Result "0-1"]
[WhiteElo "1959"]
[BlackElo "1692"]
[PlyCount "114"]
[EventDate "2024.01.05"]
[EventType "swiss"]
[EventRounds "7"]
[EventCountry "COL"]
[SourceTitle "CB02_2024"]
[SourceDate "2024.01.10"]
[SourceVersion "1"]
[SourceVersionDate "2024.01.10"]
[SourceQuality "1"]

1. e4 c6 2. d4 d5 3. exd5 cxd5 4. c4 Nf6 5. Nc3 Nc6 6. Bg5 e6 7. c5 Be7 8. Bb5 Bd7 9. Bxc6 bxc6 10. Nf3 Rb8 11. Rb1 Ne4 12. Nxe4 dxe4 13. Bxe7 Qxe7 14. Nd2 f5 15. Nc4 0-0 16. Qe2 Rfd8 17. 0-0 Be8 18. Rfd1 Qg5 19. Qe3 Qf6 20. Ne5 a5 21. b3 Rb7 22. f3 exf3 23. Qxf3 Rb4 24. Qc3 Qh4 25. Nf3 Qf4 26. a3 Rbb8 27. Re1 Bh5 28. Rxe6 Bxf3 29. gxf3 Rxd4 30. Rbe1 Rbd8 31. Qe3 Qxe3+ 32. R1xe3 f4 33. R3e4 Rd2 34. Rxc6 Rd1+ 35. Kg2 h5 36. Rce6 R8d2+ 37. Re2 Rd3 38. Rc2 R3d2+ 39. Re2 Rxe2+ 40. Rxe2 Rb1 41. Rc2 Rxb3 42. c6 Rb8 43. c7 Rc8 44. h4 Kf7 45. Kf2 Ke6 46. Ke2 Kd6 47. Kd3 Rxc7 48. Rxc7 Kxc7 49. Ke4 Kc6 50. Kd4 Kb5 51. Kc3 Kc5 52. Kd3 Kd5 53. a4 g6 54. Ke2 Kc4 55. Kd2 Kb4 56. Kd3 Kxa4 57. Kc4 Ka3 0-1

[Event "Pereira GP op 2nd"]
[Site "Pereira"]
[Date "2023.10.21"]
[Round "1"]
[White "Hurtado Manrique, Jorge Uriel"]
[Black "Velasquez, Andres Felipe"]
[Result "0-1"]
[WhiteElo "1366"]
[BlackElo "1950"]
[PlyCount "28"]
[EventDate "2023.10.21"]
[EventType "swiss"]
[EventRounds "6"]
[EventCountry "COL"]
[SourceTitle "Mega2024 Update 01"]
[Source "Chessbase"]
[SourceDate "2023.11.12"]
[SourceVersion "1"]
[SourceVersionDate "2023.11.12"]
[SourceQuality "1"]

1. e4 c5 2. Nf3 a6 3. Be2 Nc6 4. d4 cxd4 5. Nxd4 Nf6 6. Nc3 e5 7. Nf3 Bb4 8. Bg5 Qa5 9. Bxf6 Bxc3+ 10. bxc3 Qxc3+ 11. Nd2 gxf6 12. 0-0 Nd4 13. Bc4 Rg8 14. Bb3 Qxd2 0-1

[Event "Pereira Fiestas de la Cosecha op"]
[Site "Pereira"]
[Date "2023.08.25"]
[Round "3"]
[White "Chavez Duero, Brayan Steven"]
[Black "Velasquez, Andres Felipe"]
[Result "0-1"]
[WhiteElo "2040"]
[BlackElo "1903"]
[PlyCount "88"]
[EventDate "2023.08.24"]
[EventType "swiss"]
[EventRounds "7"]
[EventCountry "COL"]
[SourceTitle "EXT 2024"]
[Source "ChessBase"]
[SourceDate "2023.10.10"]
[SourceVersion "1"]
[SourceVersionDate "2023.10.10"]
[SourceQuality "1"]

1. e4 c5 2. b3 Nc6 3. Bb2 d6 4. Bb5 Bd7 5. Bxc6 Bxc6 6. d3 e6 7. Ne2 Qh4 8. Ng3 Nf6 9. Nd2 d5 10. Nf3 Qf4 11. e5 Nd7 12. d4 h5 13. Qd3 Qh6 14. c3 h4 15. Bc1 Qh7 16. Qxh7 Rxh7 17. Ne2 f6 18. Nf4 Kf7 19. g4 hxg3 20. fxg3 cxd4 21. cxd4 g5 22. Nd3 g4 23. Nh4 Bb5 24. Nf2 fxe5 25. Nxg4 exd4 26. Nf3 Bg7 27. Ng5+ Kg8 28. Nxh7 Kxh7 29. a4 Bd3 30. Ba3 Bf5 31. Nf2 Bc2 32. Kd2 Rc8 33. h4 Bh6+ 34. Ke2 Bxb3 35. Rab1 Rc2+ 36. Kf3 Ne5+ 37. Kg2 Ng4 38. Rxb3 Nxf2 39. Rxb7+ Kg6 40. h5+ Kg5 41. Bc1+ Kf6 42. Bxh6 Ng4+ 43. Kf3 Ne5+ 44. Kf4 Rf2# 0-1

[Event "Manizales Las Americas blitz op"]
[Site "Manizales"]
[Date "2021.10.23"]
[Round "4"]
[White "Pazos Gambarrotti, Plinio Efrain"]
[Black "Velasquez, Andres Felipe"]
[Result "1-0"]
[WhiteElo "2156"]
[BlackElo "1931"]
[PlyCount "47"]
[EventDate "2021.10.23"]
[EventType "swiss (blitz)"]
[EventRounds "11"]
[EventCountry "COL"]
[SourceTitle "CBM 205 Extra"]
[Source "ChessBase"]
[SourceDate "2022.01.31"]
[SourceVersion "1"]
[SourceVersionDate "2022.01.31"]
[SourceQuality "1"]

1. d4 Nf6 2. c4 g6 3. Nc3 Bg7 4. e4 d6 5. Nge2 0-0 6. Ng3 c5 7. d5 e6 8. Be2 exd5 9. exd5 a6 10. a4 Nbd7 11. 0-0 h5 12. Bg5 Kh7 13. Qd2 Qb6 14. Rfe1 Ne5 15. h3 Qb4 16. a5 Nxc4 17. Qf4 Nxb2 18. Nce4 Nxe4 19. Nxe4 Be5 20. Qh4 Bf5 21. Bxh5 gxh5 22. Qxh5+ Kg8 23. Nf6+ Bxf6 24. Bxf6 1-0

[Event "Manizales Las Americas blitz op"]
[Site "Manizales"]
[Date "2021.10.23"]
[Round "5"]
[White "Velasquez, Andres Felipe"]
[Black "Herrera Nopan, Fabian"]
[Result "1-0"]
[WhiteElo "1931"]
[BlackElo "1629"]
[PlyCount "123"]
[EventDate "2021.10.23"]
[EventType "swiss (blitz)"]
[EventRounds "11"]
[EventCountry "COL"]
[SourceTitle "CBM 205 Extra"]
[Source "ChessBase"]
[SourceDate "2022.01.31"]
[SourceVersion "1"]
[SourceVersionDate "2022.01.31"]
[SourceQuality "1"]

1. Nf3 d5 2. c4 c6 3. e3 e6 4. b3 Nf6 5. Bb2 Be7 6. Rg1 Nbd7 7. g4 0-0 8. Qc2 Qc7 9. Bd3 g6 10. h4 e5 11. cxd5 Nxd5 12. a3 Bf6 13. g5 Bg7 14. h5 Re8 15. hxg6 fxg6 16. Be4 Nf8 17. Bxd5+ Be6 18. Be4 Rad8 19. Nc3 Qf7 20. b4 Bb3 21. Qb1 Be6 22. Ne2 Qd7 23. d4 exd4 24. Nexd4 Bg4 25. Bc2 b6 26. Qa2+ Kh8 27. Qc4 c5 28. Bb3 Ne6 29. Nxe6 Bxe6 30. Bxg7+ Qxg7 31. Qc2 Bxb3 32. Qxb3 Qxa1+ 33. Ke2 Qg7 34. bxc5 bxc5 35. Rh1 Re7 36. Nh4 Qf7 37. Qc2 Rf8 38. Nxg6+ Kg7 39. Nxf8 Kxf8 40. Qxc5 Kg8 41. Qc8+ Kg7 42. Qc2 Rc7 43. Rxh7+ Kg8 44. Qxc7 Qxh7 45. Qxh7+ Kxh7 46. f4 Kg6 47. Kd3 Kf7 48. Kc4 Ke6 49. Kb5 Kd5 50. Ka6 Ke4 51. Kxa7 Kxe3 52. g6 Kxf4 53. g7 Kf5 54. g8Q Ke5 55. Qd8 Kf5 56. Qd7+ Ke5 57. Kb6 Kf4 58. Qe6 Kf3 59. Qe5 Kg4 60. Qf6 Kh5 61. Qg7 Kh4 62. Kc5 1-0

[Event "Manizales Las Americas op-B"]
[Site "Manizales"]
[Date "2021.10.18"]
[Round "8"]
[White "Velasquez, Andres Felipe"]
[Black "Vargas, Eduar Misael"]
[Result "1-0"]
[WhiteElo "1883"]
[BlackElo "1960"]
[PlyCount "123"]
[EventDate "2021.10.14"]
[EventType "swiss"]
[EventRounds "9"]
[EventCountry "COL"]
[SourceTitle "EXT 2023"]
[Source "ChessBase"]
[SourceDate "2022.10.05"]
[SourceVersion "1"]
[SourceVersionDate "2022.10.05"]
[SourceQuality "1"]

1. e4 c5 2. Nf3 d6 3. d4 cxd4 4. Nxd4 Nf6 5. Nc3 Nc6 6. Bg5 e6 7. Qd2 a6 8. 0-0-0 h6 9. Nxc6 bxc6 10. Bf4 d5 11. Bc4 Be7 12. Bb3 0-0 13. e5 Nd7 14. h4 Bxh4 15. g4 Bg5 16. Bxg5 Qxg5 17. f4 Qg6 18. Ne2 Nc5 19. Rdg1 a5 20. g5 hxg5 21. Rxg5 Ne4 22. Rxg6 Nxd2 23. Rg2 Ne4 24. c3 f5 25. Nd4 a4 26. Bd1 c5 27. Nb5 Bd7 28. Na3 d4 29. c4 Bc6 30. Rhg1 Ra7 31. Nb5 Bxb5 32. cxb5 c4 33. b6 Re7 34. Bxa4 Nc5 35. Bb5 Nd3+ 36. Kb1 Nxf4 37. Rc2 Rb7 38. Rxc4 Rxb6 39. a4 Rfb8 40. Rc7 g6 41. Kc2 R8b7 42. Rxb7 Rxb7 43. Kb3 Kg7 44. Kb4 Nd3+ 45. Kc4 Nxe5+ 46. Kc5 d3 47. a5 Rc7+ 48. Kb6 Rc8 49. a6 Nf7 50. a7 Nd8 51. Rd1 e5 52. Rxd3 e4 53. Rd1 Kf6 54. b4 e3 55. Bd7 Ra8 56. Bb5 f4 57. Be2 g5 58. Bf3 Nc6 59. Rd6+ Kf5 60. Rxc6 Rh8 61. Rc5+ Kf6 62. b5 1-0

[Event "Manizales Las Americas op-B"]
[Site "Manizales"]
[Date "2021.10.17"]
[Round "7"]
[White "Coca Cubillos, Jesus Alberto"]
[Black "Velasquez, Andres Felipe"]
[Result "0-1"]
[WhiteElo "1996"]
[BlackElo "1883"]
[PlyCount "122"]
[EventDate "2021.10.14"]
[EventType "swiss"]
[EventRounds "9"]
[EventCountry "COL"]
[SourceTitle "EXT 2023"]
[Source "ChessBase"]
[SourceDate "2022.10.05"]
[SourceVersion "1"]
[SourceVersionDate "2022.10.05"]
[SourceQuality "1"]

1. f4 Nf6 2. Nf3 g6 3. d4 Bg7 4. c3 d6 5. Nbd2 0-0 6. e4 c5 7. dxc5 dxc5 8. Be2 Qc7 9. e5 Ng4 10. Ne4 Bf5 11. Ng3 Rd8 12. Qb3 Bd3 13. Bxd3 Rxd3 14. 0-0 c4 15. Qb5 Nd7 16. h3 a6 17. Qa4 b5 18. Qc2 Qc5+ 19. Kh1 h5 20. Ne4 Qd5 21. Qe2 Nh6 22. Nf2 Nc5 23. Nxd3 cxd3 24. Qe1 Nf5 25. Be3 Ne4 26. Kh2 Nfg3 27. Rg1 Ne2 28. Rf1 N4g3 29. Rf2 Qe4 30. Qd2 Nf5 31. Bd4 Bh6 32. Ng5 Bxg5 33. fxg5 Nexd4 34. cxd4 Qxd4 35. Qf4 Qxf4+ 36. Rxf4 h4 37. Rd1 Rd8 38. Rd2 Rd5 39. e6 fxe6 40. Rf3 Re5 41. Rfxd3 Ng3 42. Rd8+ Kg7 43. R2d4 Nf5 44. Rd1 Ne3 45. R1d7 Nf5 46. Kg1 Kf7 47. Rd1 Rc5 48. b3 b4 49. R1d2 Rc3 50. R8d3 Rc5 51. Rd1 Ng3 52. Rf3+ Kg7 53. Re3 e5 54. Red3 e4 55. Rd7 Kf7 56. Ra7 e3 57. Re1 Rf5 58. Rc7 e2 59. Rcc1 Ke6 60. Rb1 Kd5 61. Rbc1 Kd4 0-1

[Event "Manizales Las Americas op-B"]
[Site "Manizales"]
[Date "2021.10.17"]
[Round "6"]
[White "Velasquez, Andres Felipe"]
[Black "Florez, Carlos Julio"]
[Result "1/2-1/2"]
[WhiteElo "1883"]
[BlackElo "1998"]
[PlyCount "89"]
[EventDate "2021.10.14"]
[EventType "swiss"]
[EventRounds "9"]
[EventCountry "COL"]
[SourceTitle "EXT 2023"]
[Source "ChessBase"]
[SourceDate "2022.10.05"]
[SourceVersion "1"]
[SourceVersionDate "2022.10.05"]
[SourceQuality "1"]

1. e4 c5 2. Nf3 e6 3. d4 cxd4 4. Nxd4 a6 5. Nc3 Qc7 6. g3 Bb4 7. Bd2 Nf6 8. Bg2 Be7 9. 0-0 0-0 10. Qe2 d6 11. Kh1 Qb6 12. Nb3 Nc6 13. f4 Qc7 14. Rae1 Rb8 15. g4 b5 16. g5 Nd7 17. Nd5 Qd8 18. Nxe7+ Qxe7 19. Rf3 f6 20. e5 dxe5 21. Rh3 Bb7 22. Rxh7 Qf7 23. Qd3 e4 24. Qh3 Qg6 25. Rh8+ Kf7 26. Rxf8+ Rxf8 27. Bxe4 f5 28. Bf3 Nd8 29. Bxb7 Nxb7 30. Nd4 Nbc5 31. Bb4 Ne4 32. Kg1 Rd8 33. Qb3 Rc8 34. Nf3 Qh5 35. h3 Rc3 36. Bxc3 Qxf3 37. Bd4 Qxf4 38. Qe3 Nxg5 39. Kg2 Qh4 40. c3 f4 41. Rf1 f3+ 42. Rxf3+ Nxf3 43. Qxf3+ Nf6 44. Bxf6 gxf6 45. Qg4 1/2-1/2

[Event "Manizales Las Americas op-B"]
[Site "Manizales"]
[Date "2021.10.16"]
[Round "5"]
[White "Villamizar, Diego Fernando"]
[Black "Velasquez, Andres Felipe"]
[Result "1-0"]
[WhiteElo "1951"]
[BlackElo "1883"]
[PlyCount "73"]
[EventDate "2021.10.14"]
[EventType "swiss"]
[EventRounds "9"]
[EventCountry "COL"]
[SourceTitle "EXT 2023"]
[Source "ChessBase"]
[SourceDate "2022.10.05"]
[SourceVersion "1"]
[SourceVersionDate "2022.10.05"]
[SourceQuality "1"]

1. d4 d5 2. c4 e6 3. Nc3 Nf6 4. Nf3 c6 5. e3 Be7 6. Bd3 Nbd7 7. 0-0 0-0 8. b3 b6 9. cxd5 exd5 10. Bb2 c5 11. Rc1 Bb7 12. Bb1 a6 13. dxc5 bxc5 14. Qd3 Qb6 15. Na4 Qb5 16. Bxf6 Qxd3 17. Bxd3 gxf6 18. Bf5 Bc6 19. Bxd7 Bxd7 20. Nxc5 Bb5 21. Rfd1 Rfc8 22. Rxd5 Bc6 23. Rh5 Be4 24. Nd2 Bg6 25. Rd5 Rd8 26. e4 f5 27. b4 fxe4 28. Rxd8+ Rxd8 29. Ndb3 Bg5 30. Re1 Bd2 31. Nxd2 Rxd2 32. a4 a5 33. b5 Rc2 34. b6 Rb2 35. b7 Kf8 36. b8Q+ Rxb8 37. Nd7+ 1-0

[Event "Pereira Pelaez Memorial"]
[Site "Pereira"]
[Date "2021.06.07"]
[Round "6"]
[White "Velasquez, Andres Felipe"]
[Black "Trujillo Bahamon, Halan David"]
[Result "1-0"]
[WhiteElo "1883"]
[BlackElo "1332"]
[PlyCount "139"]
[EventDate "2021.06.04"]
[EventType "swiss"]
[EventRounds "7"]
[EventCountry "COL"]
[SourceTitle "CBM 202 Extra"]
[Source "ChessBase"]
[SourceDate "2021.07.31"]
[SourceVersion "1"]
[SourceVersionDate "2021.07.31"]
[SourceQuality "1"]

1. e4 e5 2. Nf3 Nc6 3. d4 exd4 4. Nxd4 Nf6 5. Nxc6 dxc6 6. Qxd8+ Kxd8 7. f3 Bc5 8. Bc4 Ke7 9. Ke2 Be6 10. Bb3 h6 11. Be3 Bxe3 12. Kxe3 Rhe8 13. Nc3 Rad8 14. Rhd1 Rd7 15. Rxd7+ Nxd7 16. Rd1 Bxb3 17. axb3 Rd8 18. f4 Nf6 19. Rxd8 Kxd8 20. h3 Ke7 21. g4 g6 22. Kd4 Nd7 23. e5 Ke6 24. b4 b6 25. Ke4 f5+ 26. gxf5+ gxf5+ 27. Kf3 Nf8 28. Nd1 Ng6 29. Ne3 Nh4+ 30. Kg3 Ng6 31. c4 h5 32. Kf3 Nh4+ 33. Kf2 Ng6 34. Kg3 a6 35. Nc2 h4+ 36. Kf3 c5 37. bxc5 bxc5 38. b4 cxb4 39. Nxb4 a5 40. Nc6 a4 41. Nd4+ Kf7 42. Nxf5 a3 43. Nd4 Ke7 44. Ke4 Nf8 45. f5 Nd7 46. f6+ Nxf6+ 47. exf6+ Kxf6 48. Kf4 c5 49. Nb3 a2 50. Na1 Kg6 51. Ke5 Kh5 52. Kd5 Kg5 53. Kxc5 Kf4 54. Kb6 Kg3 55. c5 Kxh3 56. c6 Kg2 57. c7 h3 58. c8Q h2 59. Qg4+ Kh1 60. Qd1+ Kg2 61. Qd2+ Kg1 62. Qd4+ Kg2 63. Qg7+ Kh1 64. Nc2 a1Q 65. Qxa1+ Kg2 66. Qg7+ Kh1 67. Qf6 Kg1 68. Ne3 h1Q 69. Qf1+ Kh2 70. Ng4+ 1-0

[Event "Pereira Pelaez Memorial"]
[Site "Pereira"]
[Date "2021.06.05"]
[Round "2"]
[White "Velasquez, Andres Felipe"]
[Black "Gallego, Julian Andres"]
[Result "0-1"]
[WhiteElo "1883"]
[BlackElo "2175"]
[PlyCount "74"]
[EventDate "2021.06.04"]
[EventType "swiss"]
[EventRounds "7"]
[EventCountry "COL"]
[SourceTitle "CBM 202 Extra"]
[Source "ChessBase"]
[SourceDate "2021.07.31"]
[SourceVersion "1"]
[SourceVersionDate "2021.07.31"]
[SourceQuality "1"]

1. e4 c5 2. Nf3 e6 3. d4 cxd4 4. Nxd4 a6 5. Nc3 Qc7 6. g3 Bb4 7. Bd2 Nf6 8. Bg2 Nc6 9. Nxc6 bxc6 10. 0-0 0-0 11. Bf4 e5 12. Bg5 Be7 13. Na4 h6 14. Bxf6 Bxf6 15. c4 d6 16. c5 dxc5 17. Nxc5 Rb8 18. Qc2 Be7 19. b3 Rb5 20. Na4 Ba3 21. Rfd1 Bg4 22. Rd3 Qa7 23. h3 Be6 24. Rad1 c5 25. Nc3 c4 26. R3d2 cxb3 27. axb3 Rxb3 28. Nd5 Rxg3 29. Rd3 Rxd3 30. Rxd3 Bc5 31. Rc3 Bd4 32. Ra3 Rc8 33. Qe2 Rc1+ 34. Kh2 a5 35. Qb5 Bxf2 36. Qe8+ Kh7 37. Rf3 Bh4 0-1

[Event "Pereira Easter op"]
[Site "Pereira"]
[Date "2021.04.02"]
[Round "2"]
[White "Velasquez, Andres Felipe"]
[Black "Rodriguez Valencia, Sebastian"]
[Result "1-0"]
[WhiteElo "1863"]
[BlackElo "1811"]
[PlyCount "103"]
[EventDate "2021.04.01"]
[EventType "swiss"]
[EventRounds "7"]
[EventCountry "COL"]
[SourceTitle "EXT 2022"]
[Source "ChessBase"]
[SourceDate "2021.10.06"]
[SourceVersion "1"]
[SourceVersionDate "2021.10.06"]
[SourceQuality "1"]

1. e4 c5 2. Nf3 e6 3. d4 cxd4 4. Nxd4 Nc6 5. Nb5 d6 6. Bf4 e5 7. Be3 a6 8. N5c3 Nf6 9. g3 Ng4 10. Bg2 Nxe3 11. fxe3 Be7 12. 0-0 Be6 13. Nd5 0-0 14. Nbc3 b5 15. a3 Rb8 16. Nb4 Nxb4 17. axb4 Qb6 18. Qd2 Bg5 19. Rfe1 Rfc8 20. h4 Bd8 21. Kh2 Rc6 22. Bh3 Rbc8 23. Rf1 Qb7 24. Rf2 Qd7 25. Raf1 Bxh3 26. Rxf7 Qxf7 27. Rxf7 Kxf7 28. Kxh3 Bf6 29. Qd5+ Ke7 30. Qd1 Rxc3 31. bxc3 Rxc3 32. Qa1 Rc6 33. Qa2 Rc4 34. Qxa6 Rxb4 35. Qb7+ Ke6 36. h5 Rc4 37. Qd5+ Ke7 38. Qd3 Rc5 39. Kg4 g6 40. Qb3 Rc4 41. Qxb5 Rxc2 42. Qb7+ Kd8 43. Qxh7 gxh5+ 44. Kf5 Rf2+ 45. Ke6 Kc8 46. Qd7+ Kb8 47. Qxd6+ Ka7 48. Qf8 h4 49. gxh4 Bxh4 50. Qc5+ Kb7 51. Qxe5 Rf3 52. Qh5 1-0

[Event "Pereira Risaraldense Cup-C"]
[Site "Pereira"]
[Date "2021.01.23"]
[Round "7"]
[White "Rodriguez Valencia, Sebastian"]
[Black "Velasquez, Andres Felipe"]
[Result "0-1"]
[WhiteElo "1771"]
[BlackElo "1849"]
[PlyCount "72"]
[EventDate "2021.01.20"]
[EventType "tourn"]
[EventRounds "9"]
[EventCountry "COL"]
[SourceTitle "CBM 200 Extra"]
[Source "ChessBase"]
[SourceDate "2021.03.31"]
[SourceVersion "1"]
[SourceVersionDate "2021.03.31"]
[SourceQuality "1"]

1. d4 Nf6 2. c4 g6 3. Nc3 Bg7 4. e4 d6 5. f3 0-0 6. Be3 c5 7. Bd3 cxd4 8. Bxd4 Nc6 9. Be3 Ne5 10. Nge2 Nxd3+ 11. Qxd3 Bd7 12. 0-0 Qa5 13. a3 Rfc8 14. Bd4 a6 15. Bxf6 Bxf6 16. Nd5 Qc5+ 17. Rf2 Kg7 18. Rd1 Bxb2 19. Rb1 Qxa3 20. Qc2 Bf6 21. Nb6 Be6 22. Nxa8 Rxa8 23. Rxb7 Rc8 24. Rf1 Qe3+ 25. Kh1 Bxc4 26. Re1 Rc5 27. Qc1 Qf2 28. Qd2 Bxe2 29. Rbb1 Qh4 30. Qxe2 Be5 31. g4 a5 32. Rec1 Rxc1+ 33. Rxc1 Qf6 34. Rc4 Bc3 35. Qa2 Bb4 36. Qc2 Bc5 0-1

[Event "Pereira Risaraldense Cup-C"]
[Site "Pereira"]
[Date "2021.01.22"]
[Round "4"]
[White "Gonzalez, Luis Enrique"]
[Black "Velasquez, Andres Felipe"]
[Result "0-1"]
[WhiteElo "1872"]
[BlackElo "1849"]
[PlyCount "104"]
[EventDate "2021.01.20"]
[EventType "tourn"]
[EventRounds "9"]
[EventCountry "COL"]
[SourceTitle "CBM 200 Extra"]
[Source "ChessBase"]
[SourceDate "2021.03.31"]
[SourceVersion "1"]
[SourceVersionDate "2021.03.31"]
[SourceQuality "1"]

1. d4 Nf6 2. Nf3 g6 3. c4 Bg7 4. Nc3 d6 5. e4 0-0 6. Be2 e5 7. dxe5 dxe5 8. Qxd8 Rxd8 9. Bg5 c6 10. 0-0 Re8 11. Rad1 Na6 12. Rd6 Be6 13. Rfd1 Nc5 14. Bxf6 Bxf6 15. b4 Na6 16. a3 Kg7 17. Na4 Be7 18. R6d2 f6 19. Nb2 Nc7 20. c5 Bb3 21. Rc1 Red8 22. Rc3 Rxd2 23. Nxd2 Be6 24. Bc4 a5 25. h3 axb4 26. axb4 Ra1+ 27. Kh2 Bc8 28. Nb3 Ra3 29. Rd3 f5 30. f3 f4 31. Na5 Ra1 32. Rd1 Rxd1 33. Nxd1 Bh4 34. Nb2 Be1 35. Nd3 Bc3 36. Kg1 Kf6 37. Bg8 Ne6 38. Bxe6 Kxe6 39. Nc4 Bd7 40. Kf1 Bd4 41. Ke1 g5 42. Nc1 h5 43. Kd2 g4 44. hxg4 hxg4 45. fxg4 Kf6 46. Nd6 b6 47. cxb6 Bxb6 48. Nf5 Kg5 49. Nd6 Kxg4 50. Nc4 Bc7 51. Ne2 Bc8 52. Nc3 Kg3 0-1

[Event "COL pre olympic sf3"]
[Site "Dosquebradas"]
[Date "2018.06.03"]
[Round "8"]
[White "Velasquez, Andres Felipe"]
[Black "Lopez Rayo, Santiago"]
[Result "0-1"]
[WhiteElo "1880"]
[BlackElo "1727"]
[PlyCount "54"]
[EventDate "2018.05.30"]
[EventType "swiss"]
[EventRounds "10"]
[EventCountry "COL"]
[SourceTitle "CBM 184 Extra"]
[Source "ChessBase"]
[SourceDate "2018.06.28"]
[SourceVersion "1"]
[SourceVersionDate "2018.06.28"]
[SourceQuality "1"]

1. e4 c5 2. Nf3 g6 3. d4 cxd4 4. Qxd4 Nf6 5. e5 Nc6 6. Qa4 Nd5 7. Qe4 Ndb4 8. Bb5 Bg7 9. 0-0 0-0 10. Bxc6 Nxc6 11. Nc3 d6 12. Bf4 Bf5 13. Qe2 dxe5 14. Nxe5 Nd4 15. Qc4 Rc8 16. Qa4 Bxc2 17. Qb4 a5 18. Qxb7 Rc7 19. Qa6 f6 20. Ng4 e5 21. Qxa5 exf4 22. Nd5 Ne2+ 23. Kh1 Rd7 24. Qa6 Rxd5 25. Qxe2 Bd3 26. Qe6+ Kh8 27. Rfe1 h5 0-1